LEADER 03279nam 2200673 a 450 001 9910457109403321 005 20200520144314.0 010 $a1-282-35297-0 010 $a9786612352973 010 $a0-300-15600-6 024 7 $a10.12987/9780300156003 035 $a(CKB)2430000000010753 035 $a(StDuBDS)BDZ0022174761 035 $a(SSID)ssj0000299409 035 $a(PQKBManifestationID)11251474 035 $a(PQKBTitleCode)TC0000299409 035 $a(PQKBWorkID)10240818 035 $a(PQKB)11249728 035 $a(StDuBDS)EDZ0000167164 035 $a(MiAaPQ)EBC3420616 035 $a(DE-B1597)486383 035 $a(OCoLC)586149574 035 $a(DE-B1597)9780300156003 035 $a(Au-PeEL)EBL3420616 035 $a(CaPaEBR)ebr10348513 035 $a(CaONFJC)MIL235297 035 $a(OCoLC)923595112 035 $a(EXLCZ)992430000000010753 100 $a20081027d2009 uy 0 101 0 $aeng 135 $aur||||||||||| 181 $ctxt 182 $cc 183 $acr 200 10$aImporting poverty?$b[electronic resource] $eimmigration and the changing face of rural America /$fPhilip Martin 210 $aNew Haven $cYale University Press$dc2009 215 $a1 online resource (1 online resource (xxi, 242 p.) ) $cill 300 $aBibliographic Level Mode of Issuance: Monograph 311 $a0-300-13917-9 320 $aIncludes bibliographical references (p. [221]-230) and index. 327 $aImmigration to the United States -- Agriculture and migrants -- California fruits and vegetables -- Florida sugar, oranges, and tomatoes -- Meat and poultry -- Seasonal worker mobility -- Migrants : the integration challenge -- Labor shortages, mechanization, and food costs -- Reforming U.S. immigration policies -- Regularize and rationalize farm labor. 330 $aAmerican agriculture employs some 2.5 million workers during a typical year, most for fewer than six months. Three fourths of these farm workers are immigrants, half are unauthorized, and most will leave seasonal farm work within a decade. What do these statistics mean for farmers, for laborers, for rural America?This book addresses the question by reviewing what is happening on farms and in the towns and cities where immigrant farm workers settle with their families. Philip Martin finds that the business-labor model that has evolved in rural America is neither desirable nor sustainable. He proposes regularizing U.S. farm workers and rationalizing the farm labor market, an approach that will help American farmers stay globally competitive while also improving conditions for farm workers. 606 $aImmigrants$zUnited States$xEconomic conditions 606 $aForeign workers$zUnited States 606 $aForeign workers$xGovernment policy 607 $aUnited States$xEmigration and immigration 608 $aElectronic books. 615 0$aImmigrants$xEconomic conditions. 615 0$aForeign workers 615 0$aForeign workers$xGovernment policy. 676 $a331.5/440973 700 $aMartin$b Philip L.$f1949-$0506148 801 0$bMiAaPQ 801 1$bMiAaPQ 801 2$bMiAaPQ 906 $aBOOK 912 $a9910457109403321 996 $aImporting poverty$92474422 997 $aUNINA LEADER 02976nam 2200649Ia 450 001 9910781272103321 005 20230120095019.0 010 $a1-315-57235-4 010 $a1-317-16528-4 010 $a1-317-16527-6 010 $a1-283-09024-4 010 $a9786613090249 010 $a1-4094-1935-5 035 $a(CKB)2550000000033119 035 $a(EBL)684508 035 $a(OCoLC)729166533 035 $a(SSID)ssj0000535063 035 $a(PQKBManifestationID)11332238 035 $a(PQKBTitleCode)TC0000535063 035 $a(PQKBWorkID)10536462 035 $a(PQKB)11011812 035 $a(Au-PeEL)EBL684508 035 $a(CaPaEBR)ebr10464445 035 $a(CaONFJC)MIL924905 035 $a(Au-PeEL)EBL5293724 035 $a(CaONFJC)MIL309024 035 $a(OCoLC)732955953 035 $a(MiAaPQ)EBC684508 035 $a(MiAaPQ)EBC5293724 035 $a(EXLCZ)992550000000033119 100 $a20100917d2011 uy 0 101 0 $aeng 135 $aur|n|---||||| 181 $ctxt 182 $cc 183 $acr 200 10$aClass act$b[electronic resource] $ean international legal perspective on class discrimination /$fAnne-Marie Mooney Cotter 210 $aFarnham, Surrey, England $cAshgate$dc2011 215 $a1 online resource (371 p.) 300 $aDescription based upon print version of record. 311 $a1-4094-1934-7 320 $aIncludes bibliographical references and index. 327 $aCover; Contents; List of Tables; Biography; 1 Introduction to Class Act; 2 Class Act in Class Discrimination; 3 Class Act in the United Nations; 4 Class Act in Australia and New Zealand; 5 Class Act in Africa and South Africa; 6 Class Act in Canada, Mexico and the United States; 7 Class Act in the North American Free Trade Agreement; 8 Class Act in the United Kingdom and Ireland; 9 Class Act in the European Union; 10 Conclusion to Class Act; Bibliography; Index 330 $aEven today, class discrimination remains an important global legal issue. This book allows readers a better understanding of the issue of class discrimination and inequality, including the role of education in bridging the class systems. The study seeks to increase the likelihood of achieving equality at both the national and international levels for those suffering class discrimination, looking at the primary role of legislation, which has an impact on the court process. It also discusses the two most important trade agreements of our day - namely the North American Free Trade Agreement and t 606 $aDiscrimination$xLaw and legislation 606 $aEquality before the law 615 0$aDiscrimination$xLaw and legislation. 615 0$aEquality before the law. 676 $a342.08/5 700 $aCotter$b Anne-Marie Mooney$0861570 801 0$bMiAaPQ 801 1$bMiAaPQ 801 2$bMiAaPQ 906 $aBOOK 912 $a9910781272103321 996 $aClass act$93819992 997 $aUNINA